000 00561nam a2200229Ia 4500
005 20250425162033.0
008 250425s9999 xx 000 0 und d
020 _a0136245528
041 _aeng
082 _a669
100 _aNEELY, JOHN E.
245 0 _aPRACTICAL METALLURGY AND MATERIALS OF INDUSTRY
250 _a5TH ED.
260 _aEstados Unidos
_bPRENTICE HALL
_c2000
260 _aUPPER SADDLE RIVER
300 _a461
650 _aMATERIALES
650 _aMETALURGIA
700 _aBERTONE, THOMAS J.
942 _c01
010 _a41843
999 _c221101
_d221101